| 000 | 00612nam a2200205Ia 4500 | ||
|---|---|---|---|
| 003 | OSt | ||
| 005 | 20250625145123.0 | ||
| 008 | 210210b1998 xxu||||| |||| 00| 0 eng d | ||
| 040 | _cAL | ||
| 041 | _aKannada | ||
| 082 | _aK894.9 KARM | ||
| 100 |
_aKARNATAKA SAHITYA AKADEMI _dಕರ್ನಾಟಕ ಸಾಹಿತ್ಯ ಅಕಾಡೆಮಿ _9216072 |
||
| 245 |
_aMuddana _b ಮುದ್ದಣ |
||
| 260 |
_aBengaluru _bKarnataka Sahitya Akademi _c1998 |
||
| 300 | _axii,76 | ||
| 650 |
_aMuttinahara Murulayya Sa Shi _9216073 |
||
| 690 |
_aKannada Criticism _9216074 |
||
| 906 | _a053473 | ||
| 942 |
_2ddc _cBK |
||
| 999 |
_c101654 _d101654 |
||